| 000 | 00470nam a2200169 i 4500 | ||
|---|---|---|---|
| 001 | 147737 | ||
| 003 | ES-MaACL | ||
| 005 | 20260612132717.0 | ||
| 007 | t| | ||
| 008 | 071005s1954 sp ||||1| rum d | ||
| 100 | 1 |
_aUscatescu, Jorge, _d1919-1995 _9112293 |
|
| 245 | 1 | 0 |
_aPentru o teoie a revolutiei / _cJorge Uscatescu. |
| 260 |
_aMadrid : _bColectia "Destin", _c1954. |
||
| 300 |
_a31 p. ; _c24 cm. |
||
| 852 |
_aES-MaACL _j1963-F-4 _bR.36312 |
||
| 999 |
_c147737 _d147737 |
||